000 00524nam a2200181 4500
001 135752
003 ES-MaACL
005 20230906194940.0
007 t|
008 070214s1975 sp r ||||1| spa d
100 1 _aRougemont, Denis de.
_9100017
245 1 1 _a¡Europeos uníos! /
_cDenis de Rougemont ; traducción de Justo G. Beramendi.
250 _a1ª. ed.
260 _aBarcelona :
_bAymá,
_c1975.
300 _a202 p. ;
_c20 cm.
700 1 _aBeramendi, Justo G.
_927820
852 _aES-MaACL
_jA-7422
_bR.96436
999 _c135752
_d135752